000 00643nam a2200217Ia 4500
003 OSt
005 20220926041222.0
006 a|||||r|||| 00| 0
007 ta
008 220923b |||||||| |||| 00| 0 eng d
037 _cGeneral Book
040 _aRTL
_cRTL
_beng
041 _2eng
_aeng
082 _aY1:553:N5, J8
100 _aMarsh David C
_9133935
245 0 _aChanging social structure of England and Wales,187
260 _c1927
490 _aInternational library of sociology and social reconstruction , ed by W J H Sprott
942 _hY1:553:N5, J8
_cGB
_2CC
999 _c666668
_d666668